MDQL
is popping MORE tags! Check the
thread
!
Quizzes
Events
Quiz Creation
Community
Videos
Private Events
Remove Ads
Sign In
Join for FREE
Feedback
Dark Mode
Quiz Categories
Sports
Geography
Music
Movies
Television
Just For Fun
Miscellaneous
History
Literature
Language
Science
Gaming
Entertainment
Religion
Holiday
For Kids
Quiz Lab
Recent
Popular Today
Quiz Kudos Today
Editor Picks
Curator Picks
Quizzes by...
Day
Popularity
Type
Ratings
Length
Year
Community
Subscriptions
Recent Discussions
Orange Saloon
Badges
Playlists
Quests
Create
Leaderboards
Showdown
Live 5
Trivia Bingo
Activity
Puzzle Library
Sporcle Events
Private Events
Virtual Trivia
Globe League
Become a Host
Pub Owners
SporcleCon
Opinionation
Our Games
Videos
Blog
Mobile Apps
Partnerships
Remove Ads and Go Orange
Feedback
Miscellaneous
Crossword
General Knowledge
Baby Names
Logo
Food
Cars
Numbers
Grab Bag
University
College
Popular
Company
Slogans
Restaurants
Justice
Letter
Miscellaneous
Crossword
General Knowledge
Baby Names
Logo
Food
Cars
Numbers
Grab Bag
University
College
Popular
Company
Slogans
Restaurants
Justice
Letter
Random Quiz
Search Sporcle
×
Quiz Lab
Quiz Lab
Miscellaneous
Supreme Court
Type in answers that appear in a list
Type in answers that appear in a list
Classic
Best Score? Go Orange.
Supreme Court Trivia Game Stats
Can you name the Supreme Court Trivia Game
By
tabxkay15
20m
20 Questions
6 Plays
6 Plays
6 Plays
Comments
Comments
Give Quiz Kudos
Give Quiz Kudos
-
- Ratings
hide this ad
Random Order
Randomize order of answers
Randomize order of answers
Replay
Link that replays current quiz
Next Quiz
Link to next quiz in quiz playlist
You Got
0%
They Got
Avg Score
31%
Avg Friend Score
Upgrade to see
Score Distribution
Jump to the score distribution portion of the page
Score
0/20
Timer
20:00
0
Plays Today
Cases
Answer
% Correct
Legalized Abortion
Roe vs. Wade
66.7%
Supreme Court ruling that state laws establishing separate public schools for black and white students was unconstitutional.
Brown vs. Board of Education
66.7%
“You have the right to remain silent. Anything you say can and will be used against you in a court of law. You have the right to an attorney. If you cannot afford an attorney, on
Miranda vs. Arizona
50%
First decision by the Supreme Court to declare a law unconstitutional
Marbury vs. Madison
50%
'equal but separate accommodations'
Plessy vs. Ferguson
33.3%
The court ruled that manual recounts of presidential ballots in the Nov. 2000 election could not proceed because inconsistent evaluation statdards in different counties violated th
Bush vs. Gore
33.3%
Right to a lawyer in a state trial, given by the 6th.
Gideon vs. Wainwright
33.3%
Limited the use of the death penalty based on the 8th Amendment.
Furman vs. Georgia
33.3%
illegally obtained evidence cannot be used at trial, forbids unreasonable search and seizures.
Mapp vs. Ohio
33.3%
Established a broad view of the commerce clause when a federal Steamboat license trumped a New York state license.
Gibbons vs. Ogden
33.3%
Cases
Answer
% Correct
court ruled that states could compel students to recite the pledge at school even if it violated their religious beliefs.
Minersville vs. Gobitis
33.3%
Court ruled that congress did have authority to charter bank, citing the necessary and proper clause.
McCulloch vs. Maryland
33.3%
organized prayer is unconstitutional in school.
Engel vs. Vitale
16.7%
The Fourth Amendment prohibition on unreasonable searches applies to schools and public school officials.
New Jersey vs. T.L.O.
16.7%
Supreme Court case that stated that students do not lose their freedom of speech rights in high school. Students wore black arm bands to protest the Vietnam War.
Tinker vs. Des Moines
16.7%
Equal Protection
Reed vs. Reed
16.7%
The right to peaceable assembly
DeJonge vs. Oregon
16.7%
A leader in the Ku Klux Klan, made a speech at a Klan rally and was later convicted under an Ohio criminal syndicalism law.
Brandenburg vs. Ohio
16.7%
Freedom of speech/
press.
Near vs. Minnesota
16.7%
Prosecuted under the Federal Flag Protection Act
United States v. Eichman
16.7%
Quiz Playlist
Details
Report
Send in Message
Add To Playlist
Classic:
Type in answers that appear in a list
Random Order:
Randomize order of answers
Last Updated: Feb 16, 2017
Quiz Scoreboard
CHALLENGE
Sign Up to Join the Scoreboard
Show All
Scores
Hide
Comments
May contain spoilers
Recently Published
Image Sorting: Flags VI
by Barbecue
Geography
2m
Find the 'City' Movie
by crazypaving
Movies
60s
Colored Red Africa Blitz
by spor1
Geography
45s
More to Explore
Quiz From the Vault
Featured Blog Post
14 Easter Pick-up Lines to Find Eggs With
hide this ad
You Might Also Like...
Tags
case
court
supreme
Supreme Court
Today's Top Quizzes in Miscellaneous
Browse Miscellaneous
hide this ad
Today's Top Quizzes in Supreme Court
Browse Supreme Court
Top Contributed Quizzes in Miscellaneous
1
The JOE quick-fire general knowledge quiz: Day 174
2
5-to-1: Fast Food
3
9x9 Crossword: Disney Movie Titles
4
The JOE quick-fire general knowledge quiz: Day 173
5
9x9 Crossword: Charlie and the Chocolate Factory
6
9x9 Crossword: Actors
7
9x9 Crossword: 2022 Movies
8
9x9 Crossword: Flags
9
9x9 Crossword: The Simpsons
10
9x9 Crossword: Pixar Movie Titles
Explore More
Trending Topics
Marvel
Disney
NBA
Harry Potter
Crossword
Kpop
Anime
Puzzle
NFL
The Office
WWE
Song
Pokémon
Soccer
Country
hide this ad
More By:
tabxkay15
Quiz
Plays
Rating
Category
Featured
Created
Supreme Court Trivia Game
6
Miscellaneous
Dec 8, 2014
Go to Creator's Profile
Score Distribution
Quiz Creator Spotlight
tabxkay15
Follow
Send a Message
Quizzes Created
-
Created Quiz Play Count
-
More By This Creator
Popular Quizzes Today
1
Colored Red Africa Blitz
2
Find the US States - No Outlines Minefield
3
Find the 'City' Movie
4
5x2 Blitz: Bands
5
The Countries of the World
6
Find the US States
7
Find the Countries of Europe - No Outlines Minefield
8
US States
More Miscellaneous Quizzes
Sunday Crossword: There's a #1 Song in There!
Published
Trending Quizzes
Colored Red Europe Blitz I
Colored Red Europe Blitz II
Colored Red Africa Blitz II
Colored Red Europe Blitz III
Colored Red Africa Blitz III
Recently Updated
How Do You Spell That?
pecheneg
Godzilla Movies
pecheneg
Grab Bag: 4-10 Letters
pecheneg
2024 March Madness Bracket
pecheneg
Famous TV Couples
Peacemaker
Champions League XIs: Real Madrid
pecheneg
Largest US Cities 1790-2010
pecheneg
Rides in Walt Disney World
pecheneg
Most Oscar Losses (Acting)
pecheneg
Beyoncé Albums
pecheneg
Trending Topics
Anime
NBA
Harry Potter
Kpop
Disney
Marvel
Crossword
Song
Country
The Office
Pokémon
Soccer
NFL
WWE
Puzzle
Your Account Isn't Verified!
In order to create a playlist on Sporcle, you need to verify the email address you used during registration. Go to your
Sporcle Settings
to finish the process.
Report this User
Report this user for behavior that violates our
Community Guidelines
.
Details:
Send Report
Go to the Sporcle.com Mobile Site →
Comments